| 000 | 01140nam a2200301 a 4500 | ||
|---|---|---|---|
| 001 | 000048939 | ||
| 005 | 20260521144507.0 | ||
| 008 | 190314s2016 dr 001 0 spa d | ||
| 020 | _a9789945590579 | ||
| 040 |
_aDO-SdBNP _bspa _cBNPHU |
||
| 082 |
_a121.4 _bR696d |
||
| 100 | 1 |
_aRodríguez, Enerio _976376 |
|
| 245 | 1 | 0 |
_aDissertationes aenerianae: Disertaciones de Eneiro sobre temas diversos / _ceneiro Rodríguez ; prólogo Pedro José Ortega. |
| 260 |
_aSanto Domingo : _bFUNGLODE, _bInstituto Global de Altos Estudios en Ciencias Sociales, _c2016. |
||
| 300 |
_a616 p. ; _c23 cm. |
||
| 490 | 1 | _aSaberes emergentes; | |
| 500 | _aIncluye índice de conceptos | ||
| 504 | _aBibliografías p: 541-573 | ||
| 500 | _aIncluye datos biográficos del autor en las solapas | ||
| 500 | _aIncluye bibliografías a pie de páginas | ||
| 590 | _aInventariado, 2019/YL | ||
| 650 | 0 |
_aFilosofía _9813 |
|
| 650 | 0 |
_aFilosofía de la ciencia _919468 |
|
| 650 | 4 |
_aConocimiento _940459 |
|
| 700 | 1 |
_aOrtega, Pedro José _ePról. _976373 |
|
| 710 | 2 | 2 |
_aFundación Global Democracía y Desarrollo _925477 |
| 830 | 0 |
_aSaberes emergentes _976377 |
|
| 999 |
_c48427 _d48427 |
||